000
00398nam a22001697a 4500
003
MPLRDC
005
20220104114728.0
008
210129b ||||| |||| 00| 0 eng d
082
_a
225.6 QL c.2*
100
_a
潜龙居士编著
245
_a
释迦名言
_c
260
_a
_b
泉源出版社
_c
1988
300
_b
平
490
_a
智慧哲理丛书;2
650
_a
942
_c
BK
_o
225.6 QL c.2*
999
_c
9759
_d
9749